El movimiento contra el alza de las tarifas eléctricas: un modelo de organización popular
Uloženo v:
| Médium: | Text |
|---|---|
| Témata: | |
| Tagy: |
Přidat tag
Žádné tagy, Buďte první, kdo vytvoří štítek k tomuto záznamu!
|
MARC
| LEADER | 00000 a a2200000 04500 | ||
|---|---|---|---|
| 001 | 1317 | ||
| 003 | |||
| 040 | |||
| 245 | |a El movimiento contra el alza de las tarifas eléctricas: |b un modelo de organización popular | ||
| 650 | |a GRUPOS POPULARES | ||
| 650 | |a ECONOMIA | ||
| 650 | |a POLITICA | ||
| 650 | |a SOCIEDAD | ||
| 650 | |a ELECTRICIDAD | ||
| 650 | |a COSTA RICA | ||
| 773 | |g número 19; páginas 30-40 | ||
| 999 | |c 21370 |d 21370 | ||
